[Event "Nottinghamshire Centenary"]
[Site "Nottingham"]
[Date "2023.11.02"]
[Round "8"]
[White "Krzywda, Andrzej"]
[Black "Hebden, Mark"]
[Result "0-1"]
[WhiteElo "2210"]
[BlackElo "2443"]
[PlyCount "90"]
[EventDate "2023.10.30"]
[EventType "tourn"]
[EventRounds "9"]
[EventCountry "ENG"]
[EventCategory "6"]
[SourceTitle "Mega2024 Update 01"]
[Source "Chessbase"]
[SourceDate "2023.11.12"]
[SourceVersion "1"]
[SourceVersionDate "2023.11.12"]
[SourceQuality "1"]

1. e4 e5 2. Nf3 Nc6 3. Bb5 a6 4. Ba4 Nf6 5. 0-0 Be7 6. Re1 b5 7. Bb3 0-0 8. a4 Bb7 9. d3 d6 10. h3 Na5 11. Ba2 c5 12. Nbd2 bxa4 13. Nf1 Bc8 14. Nh4 Rb8 15. Nf5 Ne8 16. Qf3 Bg5 17. N1e3 Nc6 18. c3 g6 19. Ng3 Na5 20. Ngf1 Kh8 21. g4 Nc7 22. Qd1 Nb3 23. Bxb3 axb3 24. Ra3 Be6 25. Nd2 f5 26. Ndc4 Bxe3 27. Nxe3 Qh4 28. Ng2 Qxh3 29. Bg5 f4 30. f3 Bxg4 31. Rf1 Rbe8 32. Rxb3 Bc8 33. Rb8 Ne6 34. Rxc8 Nxg5 35. Rc6 Rd8 36. Rxa6 Qg3 37. Kh1 d5 38. exd5 Rxd5 39. Qe2 Rf5 40. d4 e4 41. Ra8+ Kg7 42. Ra7+ Kh6 43. Ne1 Nxf3 44. Nxf3 exf3 45. Qe7 Qg2# 0-1

[Event "Daventry 4NCL op-A 30th"]
[Site "Daventry"]
[Date "2023.06.16"]
[Round "1"]
[White "Hebden, Mark"]
[Black "Riis, Soren"]
[Result "1-0"]
[WhiteElo "2439"]
[BlackElo "2220"]
[PlyCount "47"]
[EventDate "2023.06.16"]
[EventType "swiss"]
[EventRounds "5"]
[EventCountry "ENG"]
[SourceTitle "CBM 214 Extra"]
[Source "ChessBase"]
[SourceDate "2023.07.31"]
[SourceVersion "1"]
[SourceVersionDate "2023.07.31"]
[SourceQuality "1"]

1. d4 Nf6 2. Nf3 e6 3. c3 c5 4. Bg5 Qb6 5. Qb3 Ne4 6. Bf4 Bd6 7. Bxd6 Qxd6 8. e3 b6 9. Na3 Qe7 10. Bd3 Bb7 11. Nb5 d6 12. Bxe4 Bxe4 13. dxc5 bxc5 14. 0-0-0 d5 15. Ne5 0-0 16. f3 Bg6 17. h4 a6 18. Na3 Nd7 19. Qb7 Rad8 20. h5 Qd6 21. Nac4 Qb8 22. Qxb8 Nxb8 23. hxg6 fxg6 24. Na5 1-0

[Event "ENG-ch Chessable"]
[Site "Kenilworth"]
[Date "2023.05.27"]
[Round "4"]
[White "Pert, Richard G"]
[Black "Hebden, Mark"]
[Result "1/2-1/2"]
[WhiteElo "2412"]
[BlackElo "2434"]
[PlyCount "38"]
[EventDate "2023.05.26"]
[EventType "swiss"]
[EventRounds "7"]
[EventCountry "ENG"]
[SourceTitle "CBM 214 Extra"]
[Source "ChessBase"]
[SourceDate "2023.07.31"]
[SourceVersion "1"]
[SourceVersionDate "2023.07.31"]
[SourceQuality "1"]

1. d4 Nf6 2. Nf3 c5 3. d5 b5 4. Bg5 d6 5. Bxf6 exf6 6. e4 b4 7. a3 bxa3 8. Nxa3 Be7 9. Bb5+ Nd7 10. Nc4 a6 11. Bxd7+ Bxd7 12. 0-0 0-0 13. Re1 Re8 14. Qd2 Bb5 15. Na5 Qc7 16. b3 Bf8 17. Qf4 g6 18. Nd2 f5 19. Nac4 Bxc4 1/2-1/2